Datum a čas kvízu
40
Celkem bodů
Celkový počet nahraných bodů na tomto kvízu bez doplňovacích otázek.
2.
Pořadí na kvízu
Konečné umístění týmu na tomto kvízu.
Zaznamenané odpovědi
| # | Otázka | Odpověď | Body | Výsledky |
|---|---|---|---|---|
| -14. | Podívejme se nyní trochu detai... | konopí | 0 | |
| -13. | Papír je třeba i k výrobě bank... | D | 0 | |
| -12. | Kolik mm měří kratší strana pa... | B | 0 | |
| -11. | Píseň Papercut natočila na pře... | Linkin Park | 0 | |
| -10. | Nezapomeňme na papírové modely... | Telč | 0 | |
| 1. | Největší, nejdelší, nejlidnatě... | Karlovo náměstí | 1 | |
| 2. | Vodních děl je v Česku požehna... | Rožmberk | 1 | |
| 3. | Kde najdeme nejvyšší umělý bod... | vysílač na Pradědu | 1 | |
| 4. | Rekordům a kuriozitám v českýc... | v Pelhřimově | 1 | |
| 5. | Nakonec tu máme jednu zajímavo... | Šlo o největší sraz lidí počatých ze zkumavky. | 1 |